<?xml version="1.0" encoding="UTF-8"?>
<collection xmlns="http://www.loc.gov/MARC21/slim">
 <record>
  <leader>00461pamaa2200145   4500</leader>
  <controlfield tag="001">0000036399</controlfield>
  <controlfield tag="005">20060815090000.0</controlfield>
  <datafield tag="020" ind1="0" ind2="0">
   <subfield code="a">0470848375 </subfield>
  </datafield>
  <datafield tag="082" ind1=" " ind2=" ">
   <subfield code="a">778.59 RIC</subfield>
  </datafield>
  <datafield tag="090" ind1="0" ind2="0">
   <subfield code="a">TK6680.5 </subfield>
   <subfield code="b">RIC 2003</subfield>
  </datafield>
  <datafield tag="100" ind1="1" ind2="0">
   <subfield code="a">RICHARDSON </subfield>
  </datafield>
  <datafield tag="245" ind1="1" ind2="0">
   <subfield code="a">H.264 and MPEG-4 Video compression : </subfield>
   <subfield code="b">video coding for next-generation multimedia  </subfield>
   <subfield code="c">Iain E.G. Richardson.</subfield>
  </datafield>
  <datafield tag="260" ind1="0" ind2="0">
   <subfield code="a">New Delhi: </subfield>
   <subfield code="b">John Wiley, </subfield>
   <subfield code="c">2003.</subfield>
  </datafield>
  <datafield tag="300" ind1=" " ind2=" ">
   <subfield code="a">xxiv, 281p.: </subfield>
   <subfield code="b">ill.; </subfield>
   <subfield code="c">25cm.</subfield>
  </datafield>
  <datafield tag="650" ind1="0" ind2="0">
   <subfield code="a">Multimedia -- </subfield>
   <subfield code="x">Video coding </subfield>
  </datafield>
 </record>
</collection>
